Partisans of Allah: (Record no. 10796)
[ view plain ]
| 000 -LEADER | |
|---|---|
| fixed length control field | 01866 a2200289 4500 |
| 010 ## - LCCN (DPL NO) | |
| LC control number | ENG-89526 B-454634-638 |
| 020 ## - INTERNATIONAL STANDARD BOOK NUMBER | |
| Terms of availability | 695.00 |
| International Standard Book Number | 8178242311 |
| 035 ## - SYSTEM CONTROL NUMBER | |
| System control number | EN-73059 B-454634-638 |
| 037 ## - SOURCE OF ACQUISITION | |
| Source of stock number/acquisition | DBAD / VEN |
| 037 ## - SOURCE OF ACQUISITION | |
| Source of stock number/acquisition | Blue Berry/Ven |
| 082 14 - DEWEY DECIMAL CLASSIFICATION NUMBER | |
| Classification number | 270.720954 |
| 100 1# - MAIN ENTRY--PERSONAL NAME | |
| Personal name | Jalal, Ayesha |
| 245 1# - TITLE STATEMENT | |
| Title | Partisans of Allah: |
| Statement of responsibility, etc | by Ayesha Jalal |
| Remainder of title | Jihad in South Asia/ |
| 260 ## - PUBLICATION, DISTRIBUTION, ETC. (IMPRINT) | |
| Place of publication, distribution, etc | Ranikhet |
| Name of publisher, distributor, etc | Permanent Black |
| Date of publication, distribution, etc | 2008 |
| 260 ## - PUBLICATION, DISTRIBUTION, ETC. (IMPRINT) | |
| Place of publication, distribution, etc | New Delhi |
| Name of publisher, distributor, etc | Orient Longman (Distributor) |
| 270 ## - ADDRESS | |
| Address | Himalayana, Mall Road, Ranikhet Cantt |
| City | Ranikhet |
| Postal code | 263645 |
| State or province | Ranikhet |
| 300 ## - PHYSICAL DESCRIPTION | |
| Extent | xvi, 373p. |
| Dimensions | 22 cm. (Hb) |
| 500 ## - GENERAL NOTE | |
| General note | Includes index |
| 942 ## - ADDED ENTRY ELEMENTS (KOHA) | |
| Institution code [OBSOLETE] | dpl |
| Item type | English Books |
| Source of classification or shelving scheme | Dewey Decimal Classification |
| Classification part | 270.720954 |
| Call number suffix | JAL |
| Withdrawn status | Lost status | Not for loan | Collection code | Home library | Current library | Source of acquisition | Cost, normal purchase price | Full call number | Barcode | Copy number | Cost, replacement price | Koha item type | Date acquired |
|---|---|---|---|---|---|---|---|---|---|---|---|---|---|
| Not For Loan | Non-fiction | D.B.Act.Division | D.B.Act.Division | DBAD/PUB | 695.00 | 270.720954 JAL | EN-73059 | 1 | 695.00 | English Books | |||
| Non-fiction | Karol Bagh | Karol Bagh | Blue Berry/7232/09.11.2011/06/15.09.2011/30.11.2011 | 695.00 | 270.720954 JAL | B-454637 | 1 | 695.00 | English Books | 07/08/2012 | |||
| Non-fiction | Patel Nagar | Patel Nagar | Blue Berry/7232/09.11.2011/06/15.09.2011/30.11.2011 | 695.00 | 270.720954 JAL | B-454635 | 1 | 695.00 | English Books | 07/08/2012 | |||
| Non-fiction | Sarojini Nagar | Sarojini Nagar | Blue Berry/7232/09.11.2011/06/15.09.2011/30.11.2011 | 695.00 | 270.720954 JAL | B-454634 | 1 | 695.00 | English Books | 07/08/2012 | |||
| Non-fiction | Sarojini Nagar | Sarojini Nagar | Blue Berry/7232/09.11.2011/06/15.09.2011/30.11.2011 | 695.00 | 270.720954 JAL | B-454636 | 1 | 695.00 | English Books | 07/08/2012 | |||
| Non-fiction | Shahdara Branch | Shahdara Branch | Blue Berry/7232/09.11.2011/06/15.09.2011/30.11.2011 | 695.00 | 270.720954 JAL | B-454638 | 1 | 695.00 | English Books | 07/08/2012 |
